000 00783nam a2200241 i 4500
001 170051
003 ES-MaACL
005 20230906214255.0
008 090120s2000 fr g |||| | fre d
020 _a2-271-05805-8
080 _a78(44)
100 1 _aFaure, Michel.
_9139202
245 1 0 _aHistoire et poétique de la mélodie française /
_cMichel Faure, Vincent Vivès ; préface de François Le Roux.
260 _aParis :
_bCNRS,
_c2000.
300 _a396 p. :
_bmús. ;
_c24 cm.
500 _aÍndices.
504 _aBibliografía.
650 4 _aMúsica francesa.
_9139203
650 4 _aMusicología.
_915423
700 1 _aVivès, Vincent.
_9139204
700 1 _aLe Roux, François.
_9139205
852 4 _aES-MaACL
_jE-12401
_z. - Biblioteca Jacinto Martínez Lacalle
999 _c170051
_d170051